Algorithms, sequential & parallel a unified approach

Previous edition: Hingham, Mass.: Charles River Media, 2005; Includes bibliographical references and index

সংরক্ষণ করুন:
গ্রন্থ-পঞ্জীর বিবরন
প্রধান লেখক: Miller, Russ
অন্যান্য লেখক: Boxer, Laurence
বিন্যাস: গ্রন্থ
ভাষা:Undetermined
প্রকাশিত: Boston, MA, USA Cengage Learning [2013]
বিষয়গুলি:
অনলাইন ব্যবহার করুন:http://lrc.tdmu.edu.vn/opac/search/detail.asp?aID=2&ID=24913
ট্যাগগুলো: ট্যাগ যুক্ত করুন
কোনো ট্যাগ নেই, প্রথমজন হিসাবে ট্যাগ করুন!
Thư viện lưu trữ: Trung tâm Học liệu Trường Đại học Thủ Dầu Một
LEADER 00863nam a2200229Ia 4500
001 TDMU_24913
008 210410s9999 xx 000 0 und d
082 |a 005.1 
090 |b M309 
100 |a Miller, Russ 
245 0 |a Algorithms, sequential & parallel 
245 2 |b a unified approach 
245 0 |c Russ Miller, Laurence Boxer 
260 |a Boston, MA, USA 
260 |b Cengage Learning 
260 |c [2013] 
300 |a 417 pages 
520 |a Previous edition: Hingham, Mass.: Charles River Media, 2005; Includes bibliographical references and index 
650 |a Computer algorithms; Computer programming; Thuật toán máy tính; Chương trình máy tính 
700 |a Boxer, Laurence 
856 |u http://lrc.tdmu.edu.vn/opac/search/detail.asp?aID=2&ID=24913 
980 |a Trung tâm Học liệu Trường Đại học Thủ Dầu Một